A digest of the Tanzanian law of contracts
Salvato in:
| Autore principale: | |
|---|---|
| Altri autori: | |
| Natura: | Libro |
| Pubblicazione: |
Tabora :
T.M.P Book Department,
1989.
|
| Soggetti: | |
| Tags: |
Aggiungi Tag
Nessun Tag, puoi essere il primo ad aggiungerne!!
|
MARC
| LEADER | 00000nam a22000007a 4500 | ||
|---|---|---|---|
| 005 | 20251006072932.0 | ||
| 020 | |a 9987896790 |c TZS 4620/= | ||
| 040 | |a MCCL |b eng. |e AACR 2nd rev. ed. | ||
| 082 | |a 346.967802 MAS | ||
| 100 | |a Massawe, A.A.F | ||
| 245 | |a A digest of the Tanzanian law of contracts |c / A.A.F, Massawe | ||
| 260 | |a Tabora : |b T.M.P Book Department, |c 1989. | ||
| 300 | |a xvi, 288p.: |c 19 cm. | ||
| 650 | |a Contracts |b Tanzania | ||
| 700 | |a Massawe, A. A. F. | ||
| 942 | |c BK | ||
| 999 | |c 11945 |d 11945 | ||